00241nam a2200109Ia 4500008004100000020001800041082001400059100001900073245002100092260001000113500000800123260604s9999 xx 000 0 und d a9783791374178 a808.3 KOL aPrestel Verlog 0aThe Book of Time bSHREE aCHL